00580 2200217 4500001002100000005001700021008004100038020002200079035002400101040001200125082000800137084001700145100001600162245002400178250001000202260004300212300003500255650003300290850001200323990002700335YOGYA-1011000000014320170118134903.0 ind  a978-979-511-167-2 0010-101100000000143 aYOPDYOG a813 aK 813bDah M aDAHL, Roald aMatildacRoald Dahl aCet.1 aJakartabGramedia Pustaka Utamac2010. a261 hlmbilusc20 cm. [ 3 eks] aFiksi Indonesia - Terjemahan aYOPDYOG a662 - 664 - PD/B.11b3